• 首页
  • 本馆介绍
  • 公告通知
  • 最新文献
  • 馆藏检索
  • 电子资源
  • 读者导购
  • 参考咨询
  • 我的图书馆
  • 登录
  • 详细信息显示
  • 放入我的书架
  • 预约/预借图书
  • 作者相关作品
  • 分类相关作品
  • 丛书相关作品
  • 出版社相关作品

书目信息

  • 表格格式
  • 工作单格式
  • 卡片格式
题名:
新编弟子规
    
 
作者: ;河北省教育委员会 , 河北省少年儿童出版社 编写
分册:  
出版信息: 石家庄   河北少年儿童出版社  1995
页数: 85页
开本: 19cm
丛书名:
单 册:
中图分类: H194.1
科图分类: 41.271
主题词: 汉语--古代--启蒙读物
电子资源:
ISBN: 7-5376-1303-6
000 00867nam0 2200241 45
001 0195022439
005 20070721101034.57
010    @a7-5376-1303-6@dCNY3.60
100    @a19950513d1995 y0chiy0121 ea
101 0  @achi
102    @aCN@b130000
105    @ay z 000zy
200 10 @a新编弟子规@Axin bian di zi gui@f河北省教育委员会,河北省少年儿童出版社等编写@Fhe bei sheng jiao yu wei yuan hui,he bei sheng shao nian er tong chu ban she deng bian xie
210    @a石家庄@c河北少年儿童出版社@d1995
215    @a85页@d19cm
304    @a李牧华(1923~ ),原名李实,台湾作家
606    @a汉语@z古代@x启蒙读物
690    @aH194.1
692    @a41.271
711 02 @a河北省教育委员会@Ahe bei sheng jiao yu wei yuan hui@4编写
711 02 @a河北省少年儿童出版社@Ahe bei sheng shao nian er tong chu ban she@4编写
801  0 @aCN@bTSSF@c20070721
905    @a10447@dH194.1@e257
    
    新编弟子规/河北省教育委员会,河北省少年儿童出版社等编写.-石家庄:河北少年儿童出版社,1995
    85页;19cm
    
    
    ISBN 7-5376-1303-6:CNY3.60
    
●
相关链接 在E读中查询图书 在五车中查询图书 在当当中查询图书 在豆瓣中查询图书


正题名:新编弟子规     索取号:H194.1/257         预约/预借

序号 登录号 条形码 馆藏地/架位号 状态 备注
1 0769698   207696983   第二样本阅览室/ [索取号:H194.1/257] 在馆    
唐山师范学院图书馆 欢迎您!
大连网信软件有限公司© 版权所有